000 00586nam a22001937a 4500
999 _c501
_d501
003 AR-CdUCM
008 190223b ||||| |||| 00| 0 spa d
040 _aMUNICIPALIDAD PROVINCIAL DEL CUSCO
_cBIBLIOTECA MUNICIPAL DEL CUSCO
082 _a869.56 /
_bT17
100 _aTamayo Vargas, Augusto
_91952
245 _aAntología poética personal /
_cAugusto Tamayo Vargas
260 _aLima :
_bCONCYTEC,
_c1989.
300 _a176 paginas ;
_c21 cm.
505 _aPoesía
650 _aPoesías peruanas
_91481
650 _aSiglo XX.
_98
942 _2ddc
_cLIBROS
945 _aacv
_d2019-02.23